Cuentos de Pombo (Registro nro. 8091)
[ vista simple ]
| 000 - LÍDER | |
|---|---|
| campo de control de longitud fija | 01388nam a2200337Ia 4500 |
| 005 - FECHA Y HORA DE LA ÚLTIMA TRANSACCIÓN | |
| campo de control | 20210727153435.0 |
| 008 - ELEMENTOS DE DATOS DE LONGITUD FIJA - INFORMACIÓN GENERAL | |
| campo de control de longitud fija | 170306s2008 ck a g 000 0 spa |
| 020 ## - INTERNATIONAL STANDARD BOOK NUMBER | |
| International Standard Book Number | 9789583003554 |
| 041 ## - CÓDIGO DE LENGUAJE | |
| Código de idioma de texto / pista de sonido o título separado | spa |
| 040 ## - FUENTE DE CATALOGACIÓN | |
| Agencia de catalogación original | CO-BoRNBP |
| Lenguaje de catalogación | spa |
| Descripción convenciones | rda |
| Agencia de transcripción | CO-BoRNBP |
| 084 ## - OTRO NÚMERO DE CLASIFICACIÓN | |
| Número de clasificación | P POM1 |
| 100 1# - ENTRADA PRINCIPAL - NOMBRE PERSONAL | |
| Nombre de la persona | Pombo, Rafael |
| Fechas asociadas a un nombre | 1833-1912 |
| 245 10 - TÍTULO DECLARACIÓN | |
| Título | Cuentos de Pombo |
| Declaración de responsabilidad | Rafael Pombo; ilustraciones de Patricia Acosta |
| 250 ## - DECLARACIÓN DE EDICIÓN | |
| Sentencia de edición | 1a. edición |
| Resto de la declaración de la edición | 10a. reimpresión |
| 264 ## - AVISO DE PRODUCCIÓN, PUBLICACIÓN, DISTRIBUCIÓN, FABRICACIÓN Y DERECHOS DE AUTOR | |
| Lugar de producción | Bogotá |
| Nombre del productor | Panamericana |
| Fecha de producción | 2008 |
| 300 ## - DESCRIPCIÓN FÍSICA | |
| Alcance | 64 páginas |
| Otros datos físicos | ilustraciones en color |
| Dimensiones | 21 cm |
| 336 ## - TIPO DE CONTENIDO | |
| Tipo de contenido | texto |
| Código de tipo de contenido | txt |
| Fuente | rdacontent |
| 337 ## - TIPO DE MEDIO | |
| Término del tipo de medio | sin mediación |
| Código de tipo de medio | n |
| Fuente | rdamedia |
| 338 ## - TIPO DE PORTADOR | |
| Término del tipo de operador | volumen |
| Código de tipo de operador | nc |
| Fuente | rdacarrier |
| 490 ## - DECLARACIÓN EN SERIE | |
| Estado de cuenta de la serie | Corcel |
| 505 ## - NOTA DE CONTENIDO FORMATEADA | |
| Nota sobre el contenido formateado | El renacuajo paseador -- Tía Pasitrote -- Juan Chunguero -- El gato bandido -- La pobre viejecita -- Simón el bobito -- Mirringa mirronga -- Pastorcita |
| 650 14 - ENTRADA DE SUJETO AÑADIDO - TÉRMINO TÓPICO | |
| Fuente del título o término | LEMB |
| Término tópico o elemento de entrada del nombre geográfico | Poemas Infantiles colombianos |
| Subdivisión cronológica | Siglo XIX |
| 650 14 - ENTRADA DE SUJETO AÑADIDO - TÉRMINO TÓPICO | |
| Fuente del título o término | LEMB |
| Término tópico o elemento de entrada del nombre geográfico | Literatura Infantil colombiana |
| Subdivisión cronológica | Siglo XIX |
| 650 14 - ENTRADA DE SUJETO AÑADIDO - TÉRMINO TÓPICO | |
| Fuente del título o término | LEMB |
| Término tópico o elemento de entrada del nombre geográfico | Animales en la literatura. |
| 650 14 - ENTRADA DE SUJETO AÑADIDO - TÉRMINO TÓPICO | |
| Fuente del título o término | LEMB |
| Término tópico o elemento de entrada del nombre geográfico | Niños en la literatura |
| 650 14 - ENTRADA DE SUJETO AÑADIDO - TÉRMINO TÓPICO | |
| Fuente del título o término | LEMB |
| Término tópico o elemento de entrada del nombre geográfico | Ancianos en la literatura |
| 650 14 - ENTRADA DE SUJETO AÑADIDO - TÉRMINO TÓPICO | |
| Fuente del título o término | LEMB |
| Término tópico o elemento de entrada del nombre geográfico | Pastores en la literatura |
| 700 1# - ENTRADA AGREGADA - NOMBRE PERSONAL | |
| Nombre de la persona | Acosta, Patricia |
| 740 ## - ENTRADA AGREGADA - TÍTULO RELACIONADO / ANALÍTICO NO CONTROLADO | |
| Título relacionado/analítico no controlado | El renacuajo paseador \ Tía Pasitrote \ Juan Chunguero \ El gato bandido \ La pobre viejecita \ Simón el bobito \ Mirringa mirronga \ Pastorcita |
| 942 ## - ELEMENTOS DE ENTRADA AGREGADOS (KOHA) | |
| Fuente de clasificación o esquema de estanterías | Local |
| Tipo de artículo Koha | Literartura |
| Estado de retirada | Pérdida de estatus | Fuente de clasificación o esquema de estanterías | Estado dañado | No para préstamo | Código de recogida | Ubicación permanente | Ubicación actual | Ubicación de las estanterías | Fecha de adquisición | Total de Cajas | Número Topográfico | Código de barras | Precio efectivo desde | Número de copia | Fecha de la última vez que se vio | Tipo de artículo Koha | Nota pública | Fuente de adquisición |
|---|---|---|---|---|---|---|---|---|---|---|---|---|---|---|---|---|---|---|
| Dewey Decimal Classification | General | Biblioteca Pública Departamental Comfamiliar Risaralda | Biblioteca Pública Departamental Comfamiliar Risaralda | Área General | 21/07/2017 | 863.44 P784c | 1001200 | 18/08/2021 | Ej. 1 | 21/07/2017 | Libro | Cuentos Infantiles | ||||||
| Dewey Decimal Classification | Infantil | Biblioteca Pública Municipal Isaías Naranjo Ríos | Biblioteca Pública Municipal Isaías Naranjo Ríos | Área Infantil | 01/10/1991 | C IC863 P784C | API01 - 1603 | 04/10/2024 | Ej.1 | 04/10/2024 | Literartura | Dotación ministerio de cultura |